Root anatomy of modified root trainer plants of Hevea brasiliensis (Record no. 49441)

MARC details
000 -LEADER
fixed length control field 00732nam a2200181Ia 4500
100 ## - MAIN ENTRY--AUTHOR NAME
Personal name Thomas V
245 #0 - TITLE STATEMENT
Title Root anatomy of modified root trainer plants of Hevea brasiliensis
260 ## - PUBLICATION, DISTRIBUTION, ETC. (IMPRINT)
Name of publisher In: Advances and Challenges in Plant Breeding, Biotechnology and Conservation. (Eds. R.B. Smitha; R. Prakashkumar; N.S. Pradeep; K.V. Mohanan and P.V. Madhusoodanan). Malabar Botanical Garden and Institute for Plant Sciences, Kozhikode, India, pp. 121-130.
650 ## - SUBJECT ADDED ENTRY--TOPICAL TERM
Topical Term Birefringence
650 ## - SUBJECT ADDED ENTRY--TOPICAL TERM
Topical Term Hevea brasiliensis
650 ## - SUBJECT ADDED ENTRY--TOPICAL TERM
Topical Term Planting material
650 ## - SUBJECT ADDED ENTRY--TOPICAL TERM
Topical Term Root anatomy
650 ## - SUBJECT ADDED ENTRY--TOPICAL TERM
Topical Term Root architecture
650 ## - SUBJECT ADDED ENTRY--TOPICAL TERM
Topical Term Root trainer plants
700 ## - ADDED ENTRY--PERSONAL NAME
Personal name Shankar S
942 ## - ADDED ENTRY ELEMENTS (KOHA)
Koha item type Bibliography STAF
Holdings
Withdrawn status Lost status Damaged status Not for loan Home library Current library Shelving location Date acquired Koha item type
      Bibliography RRII Library RRII Library Botany 09/04/2014 Bibliography STAF